000
00314nam a22001457a 4500
003
SGT
020
_a
9788189530129
082
_a
346.02
_b
BAN
100
_a
BANGIA , R K
245
_a
CONTRACT II
250
_a
7
260
_a
FARIDABAD
_b
ALLAHABAD LAW AGENCY
_c
2019
300
_a
XIVI , 546
942
_2
ddc
_c
BK
_0
55
999
_c
19778
_d
19778